000 00604nam a22001697a 4500
003 OSt
005 20171010095517.0
008 120815t xxu||||| |||| 00| 0 eng d
040 _aMMSU
_cULS
100 _aLorenzo, Alfredo F.
_912176
245 _aManagement capability and functionality of National Irrigation System Associations in Ilocos Norte
_cAlfredo F. Lorenzo
260 _c2001
300 _axii, 162 leaves
_c28 cm.
500 _aThesis (MA Public Administration) -- Mariano Marcos State University-Graduate School, Laoag City
504 _aBibliography: leaves 101-105
942 _2ddc
_cTHEDIS
999 _c9745
_d9745